Pokémon Platine - Les capacités de type Sol - Statistiques

Statistiques générales
  • Ce quiz a été pris 44 fois
  • Le résultat moyen est 8 sur 15
Statistiques - réponses
Gen Catégorie Capacité % Correct
I Physique Séisme
100%
I Physique Tunnel
85%
IV Spéciale Telluriforce
80%
IV Spéciale Boue-Bombe
78%
II Physique Ampleur
70%
III Spéciale Tir de Boue
70%
I Physique Abîme
65%
I Statut Jet de Sable
63%
III Statut Lance-Boue
58%
III Physique Tourbi-Sable
43%
II Spéciale Coup d'Boue
33%
II Physique Charge-Os
28%
I Physique Osmerang
28%
I Physique Massd'os
20%
II Statut Picots
20%
Aucun quiz correspondant
Distribution des résultats
% des personnes avec chaque résultat
Percentile par nombre de réponses
Votre historique - résultats
Vous n’avez pas pris ce quiz